000 00925nam a2200253Ia 4500
003 GCL
005 20240530102858.0
008 140319s9999 xx 000 0 ara d
040 _aGCL /
_cGCL
082 0 4 _a953.0723/
_bأ د
100 0 _aالهادى روحى ادريس
245 1 2 _aالدولة الصنهاجية :
_b تاريخ افريقية فى عهد بنى زيرى /
_cالهادى روحى ادريس ؛ نقلة الى العربية حمادى الساحلى
250 _aط1
260 _aبيروت :
_bدار الغرب الاسلامى ،
_c.1992
300 _a2 جزء،
_e24 سم.
490 _aالسلسلة الجامعية
_v0
650 0 4 _aتاريخ
650 0 4 _aتونس
650 0 4 _aالتاريخ الاسلامى
650 0 4 _aفتح شمال افريقيا
650 0 4 _aالدولة الصنهاجية
700 0 _aحمادى الساحلى
_eمترجم
942 _2ddc
_cBK
999 _c35098
_d35098